[Event "Kavala op-B 33rd"]
[Site "Kavala"]
[Date "2024.07.29"]
[Round "1"]
[White "Bulut, Kemal"]
[Black "Kirgeridis, Panagiotis"]
[Result "0-1"]
[WhiteElo "1729"]
[BlackElo "1979"]
[PlyCount "74"]
[EventDate "2024.07.29"]
[EventType "swiss"]
[EventRounds "9"]
[EventCountry "GRE"]
[SourceTitle "EXT 2025"]
[Source "ChessBase"]
[SourceDate "2024.10.14"]
[SourceVersion "1"]
[SourceVersionDate "2024.10.14"]
[SourceQuality "1"]

1. e4 c5 2. Nf3 e6 3. d4 cxd4 4. Nxd4 Nf6 5. Nc3 d6 6. g4 h6 7. h4 a6 8. Qf3 h5 9. g5 Ng4 10. Qe2 g6 11. Bh3 Bg7 12. Nb3 Ne5 13. f4 Nec6 14. f5 Be5 15. fxg6 Bg3+ 16. Kd1 fxg6 17. Qf3 Be5 18. Rf1 Qc7 19. Be3 b5 20. Nd5 exd5 21. Bxc8 d4 22. Bd2 Qxc8 23. Qf7+ Kd8 24. Ba5+ Nxa5 25. Nxa5 Qc7 26. Qd5 Ra7 27. b4 Qc3 28. Rc1 Qxb4 29. Nb7+ Kc7 30. Rf7+ Kb6 31. a4 Nc6 32. a5+ Nxa5 33. Nxa5 Rxf7 34. Qxf7 Qxa5 35. Qxg6 Bf4 36. c3 Qa2 37. Rc2 Qb1+ 0-1

[Event "TUR-ch U20"]
[Site "Samsun"]
[Date "2024.05.22"]
[Round "7"]
[White "Incecinar, Abdullah Mete"]
[Black "Bulut, Kemal"]
[Result "0-1"]
[WhiteElo "1643"]
[BlackElo "1848"]
[PlyCount "50"]
[EventDate "2024.05.18"]
[EventType "swiss"]
[EventRounds "9"]
[EventCountry "TUR"]
[SourceTitle "EXT 2025"]
[Source "ChessBase"]
[SourceDate "2024.10.14"]
[SourceVersion "1"]
[SourceVersionDate "2024.10.14"]
[SourceQuality "1"]

1. e4 c5 2. Nf3 d6 3. d4 cxd4 4. Qxd4 Nc6 5. Bb5 Bd7 6. Bxc6 Bxc6 7. Nc3 Nf6 8. Bg5 e6 9. 0-0-0 Be7 10. Rhe1 0-0 11. Qd2 h6 12. Bxf6 Bxf6 13. Nd4 Qb6 14. Kb1 Rac8 15. f4 a5 16. g4 a4 17. a3 Bd7 18. f5 Rc4 19. Nde2 Rxe4 20. Qxd6 Qxd6 21. Rxd6 Bxc3 22. bxc3 Bb5 23. Rd2 exf5 24. Kc1 Rfe8 25. Kd1 f4 0-1